000 00769nam0a2200241 4500
001 RU\NLR\BIBL_A\022503700
005 20250626020035.0
035 _a(NLR Aleph) 022503700
090 _a13388533
_c13388533
100 _a20250327d1974 |||y0rusy50 ca
101 0 _aaze
102 _aAZ
105 _ay z 000 y
200 1 _aJүксәлиш
_fРәшид Газыбәjов
210 _aБакы
_cҜәнҹлик
_d1974
215 _a66,[1] c.
_d16
300 _a[Нахч.МССР-ин 50 иллиjинә]
541 1 _6z01790
_aВосхождение
_zrus
700 1 _aГазыбәjов
_bР. С.
_gРәшид Сәмәд оғлу
_4070
790 1 _6z01541
_aКазыбеков
_bР. С.
_gРашид Самед оглы
_4070
942 _cBOOK
980 _aNB